00901nam a2200241Ia 4500001000600000003000900006008004100015040001300056040001300069041001300082100002900095100002900124245004600153245003700199250001100236260001500247260002200262260004900284300005700333500019900390650003900589650003100628 3041IT-RoPAU130308s9999 xx 000 0 und d aIT-RoPAU cIT-RoPAU aFRANCESE aPagano Christian Antonio gCodice Aut. SPICS: 2977 aCommunication et moyens de communication  bCommunication Audiovisuelle (La) a1a ed. aSHERBROOKE bEditions Paulines c1969 [1° Ed.:1969 - Ed.Ling.Originale:1969] a"47 p. (prefazione: no ; testo: 47 [pagine: 11-57])" aComunicazione e mezzi di Comunicazione problematiche riduzione Strutturalista Prospettiva Storica riduzione Dialettica Verso una Nuova Cultura Semiologia Lettura Audiovisiva Tecniche Audiovisive aTEORIA DELLA COMUNICAZIONE SOCIALE eCodice materia Spics: 3802